Kế toán quản trị = Managerial accounting
Tất cả kiến thức trong đều nhằm mục tiêu liên kết vấn đề lý thuyết với thực tiễn công việc của nhà quản trị. Các bài tập này sẽ về liên kết tất cả kiến thức trong chương để các học viên, sinh viên có thể nắm bắt trọn vẹn mối li...
Zapisane w:
| 1. autor: | |
|---|---|
| Kolejni autorzy: | , , |
| Format: | Książka |
| Język: | Vietnamese |
| Wydane: |
H.
Tài chính
2020
|
| Wydanie: | Tái bản lần thứ 1 |
| Hasła przedmiotowe: | |
| Etykiety: |
Dodaj etykietę
Nie ma etykietki, Dołącz pierwszą etykiete!
|
| Thư viện lưu trữ: | Thư viện Trường Đại học Nam Cần Thơ |
|---|
| LEADER | 01729nam a22002417a 4500 | ||
|---|---|---|---|
| 001 | NCT_136918 | ||
| 008 | 220616b xxu||||| |||| 00| 0 vie d | ||
| 999 | |c 7064 |d 7064 | ||
| 020 | |a 9786047925124 |c 599000 | ||
| 082 | 0 | 4 | |2 23rd ed. |a 658.1511 |b G318 |
| 100 | 1 | |a Garrison, Ray H. | |
| 245 | 1 | 0 | |a Kế toán quản trị = |b Managerial accounting |c Ray H. Garrison, Peter C. Brewen, Eric Noreen ; Nghiêm Văn Lợi (hiệu đính) |
| 250 | |a Tái bản lần thứ 1 | ||
| 260 | |a H. |b Tài chính |c 2020 | ||
| 300 | |a 872 tr. |b Minh họa |c 27cm | ||
| 520 | 3 | |a Tất cả kiến thức trong đều nhằm mục tiêu liên kết vấn đề lý thuyết với thực tiễn công việc của nhà quản trị. Các bài tập này sẽ về liên kết tất cả kiến thức trong chương để các học viên, sinh viên có thể nắm bắt trọn vẹn mối liên hệ giữa các vấn đề và có cái nhìn sâu sắc hơn về kế toán quản trị, 12 chủ điểm quan trọng của kế toán quản trị được phân chia thành từng mục cụ thể, phần nội dung chính, nội dung tham khảo được trình bày tách bạch, rõ ràng, giúp người đọc dễ theo dõi. | |
| 653 | |a Kế toán | ||
| 700 | 1 | |a Brewen, Peter C. | |
| 700 | 1 | |a Noreen, Eric | |
| 700 | 1 | |a Nghiêm Văn Lợi |e Hiệu đính | |
| 942 | |2 ddc |c BK | ||
| 952 | |0 0 |1 0 |2 ddc |4 0 |6 658_151100000000000_G318 |7 0 |9 25175 |a 000001 |b 000001 |d 2022-06-16 |o 658.1511 G318 |p MD.19835 |r 2022-06-16 |v 599000.00 |w 2022-06-16 |y BK | ||
| 980 | |a Thư viện Trường Đại học Nam Cần Thơ | ||


